00575nam a2200193Ia 4500001001000000003000500010008004100015010001100056040000900067082001700076110003900093245009300132260001900225300001100244440004500255650002300300650003900323650001900362Para_7680CHAP220125s1968 xx 000 0 und d a206699 cCHAP aPA 632.9 I56 aInternational Atomic Energy Agency aRadiation, radioisotopos and rearing methods in the control of insect prest /c by IAEA aViena :b IAEA a148 p. aPanel Proceedings series STI / Publ; 185 aControl de plagas  aEnergía atómica en agricultura aRadioisotopos